| 000 | 00621nam a2200181Ia 4500 | ||
|---|---|---|---|
| 008 | 090630s9999 xx 000 0 und d | ||
| 082 | _b13874 | ||
| 100 | _aभारद्वाज मंदाकिनी. | ||
| 245 |
_aआई शपथ. _cभारद्वाज मंदाकिनी. |
||
| 260 |
_bसुयोग - पुणे. _c1994 |
||
| 300 | _a180 | ||
| 600 | _aभारद्वाज मंदाकिनी. | ||
| 630 | _aआई शपथ. | ||
| 655 | _aकादंबरी. | ||
| 700 | _aभारद्वाज मंदाकिनी. | ||
| 730 | _aआई शपथ. | ||
| 942 | _cBOOK | ||
| 999 |
_c265730 _d265730 |
||